[Event "12th EUR-ch"]
[Site "Aix-les-Bains FRA"]
[Date "2011.03.30"]
[Round "8.122"]
[White "Zhukova, Natalia"]
[Black "Serban, Vlad"]
[Result "0-1"]
[WhiteElo "2443"]
[BlackElo "2287"]
[EventDate "2011.03.22"]
[PlyCount "39"]

1.d4 Nf6 2.c4 g6 3.f3 e5 4.dxe5 Nh5 5.Nh3 Nc6 6.Bg5 Be7 7.Bxe7 Qxe7 8.Nc3 
Nxe5 9.Nd5 Qd6 10.c5 Qxc5 11.g4 Ng7 12.f4 Nc4 13.b4 Qd6 14.Qd4 b5 15.Ng5 
Kf8 16.Ne4 Qc6 17.Bg2 Bb7 18.Nc5 Re8 19.Bf3 d6 20.Nb3 0-1

[Event "12th EUR-ch"]
[Site "Aix-les-Bains FRA"]
[Date "2011.03.30"]
[Round "8.122"]
[White "Jadrijevic, Ante"]
[Black "Djukic, Nikola"]
[Result "0-1"]
[WhiteElo "2247"]
[BlackElo "2494"]
[EventDate "2011.03.22"]
[PlyCount "106"]

1.d4 Nf6 2.c3 e6 3.Nd2 c5 4.Ngf3 b6 5.e4 d5 6.e5 Nfd7 7.a3 cxd4 8.cxd4 a5 
9.Nb1 Ba6 10.Bxa6 Nxa6 11.Nc3 Nc7 12.Qa4 Qc8 13.O-O Qa6 14.Be3 b5 15.Qc2 
h6 16.Rfc1 Be7 17.Na4 bxa4 18.Qxc7 Bd8 19.Qc2 Qb5 20.Ne1 Nb6 21.Nd3 Be7 
22.Qc6+ Qxc6 23.Rxc6 Nc4 24.Rc7 Rb8 25.Ra7 Bd8 26.Nc5 Bb6 27.Ra6 Bxc5 28.
dxc5 O-O 29.Bd4 Ra8 30.Rxa8 Rxa8 31.Kf1 Rb8 32.Ke2 Kf8 33.Rc1 Ke7 34.Rc2 
Kd7 35.Kd1 Kc6 36.Kc1 Rb3 37.Bc3 Kxc5 38.Bxa5 d4 39.Bb4+ Kd5 40.Bf8 d3 41.
Rxc4 Kxc4 42.Bxg7 h5 43.Bh6 Kd4 44.Bd2 Kxe5 45.Bc3+ Kd5 46.Kd2 Kc4 47.f3 
Rb8 48.g3 Rg8 49.Ke3 f5 50.Be5 h4 51.Kd2 hxg3 52.hxg3 Rg5 53.Ke3 Rh5 0-1

[Event "12th EUR-ch"]
[Site "Aix-les-Bains FRA"]
[Date "2011.03.31"]
[Round "9.1"]
[White "Vitiugov, Nikita"]
[Black "Iordachescu, Viorel"]
[Result "1/2-1/2"]
[WhiteElo "2720"]
[BlackElo "2626"]
[EventDate "2011.03.22"]
[PlyCount "46"]

1.d4 Nf6 2.c4 e6 3.Nf3 b6 4.a3 Ba6 5.Qb3 Nc6 6.Qc2 b5 7.cxb5 Bxb5 8.Nc3 
Ba6 9.e4 Bxf1 10.Kxf1 Be7 11.d5 Na5 12.dxe6 fxe6 13.e5 Nd5 14.Nxd5 exd5 
15.h4 Qb8 16.Bg5 Qb5+ 17.Kg1 Qc4 18.Qf5 g6 19.Qh3 Nb3 20.Re1 Bxg5 21.Nxg5 
Nd4 22.Qg4 h5 23.Qd1 Rb8 1/2-1/2

[Event "12th EUR-ch"]
[Site "Aix-les-Bains FRA"]
[Date "2011.03.31"]
[Round "9.2"]
[White "Mamedov, Rauf"]
[Black "Ragger, Markus"]
[Result "1/2-1/2"]
[WhiteElo "2667"]
[BlackElo "2614"]
[EventDate "2011.03.22"]
[PlyCount "25"]

1.e4 c6 2.d4 d5 3.exd5 cxd5 4.Bd3 Nc6 5.c3 Qc7 6.Nf3 Bg4 7.h3 Bh5 8.Be3 e6
9.Nbd2 Bd6 10.Qc2 Bg6 11.Bxg6 hxg6 12.O-O Nf6 13.Rfe1 1/2-1/2

[Event "12th EUR-ch"]
[Site "Aix-les-Bains FRA"]
[Date "2011.03.31"]
[Round "9.3"]
[White "Potkin, Vladimir"]
[Black "Parligras, Mircea-Emilian"]
[Result "1/2-1/2"]
[WhiteElo "2653"]
[BlackElo "2598"]
[EventDate "2011.03.22"]
[PlyCount "33"]

1.d4 Nf6 2.c4 e6 3.Nc3 Bb4 4.e3 O-O 5.Bd3 d5 6.Nf3 c5 7.O-O dxc4 8.Bxc4 b6
9.a3 Bxc3 10.bxc3 Bb7 11.Bb2 Qc7 12.Bd3 Nbd7 13.Re1 c4 14.Bf1 Ne4 15.Nd2 
Nxd2 16.Qxd2 f5 17.f3 1/2-1/2

[Event "12th EUR-ch"]
[Site "Aix-les-Bains FRA"]
[Date "2011.03.31"]
[Round "9.4"]
[White "Nepomniachtchi, Ian"]
[Black "Volokitin, Andrei"]
[Result "1/2-1/2"]
[WhiteElo "2729"]
[BlackElo "2677"]
[EventDate "2011.03.22"]
[PlyCount "45"]

1.e4 e5 2.Nf3 Nf6 3.Nxe5 d6 4.Nf3 Nxe4 5.Nc3 Nxc3 6.dxc3 Be7 7.Bf4 Nc6 8.
Qd2 Be6 9.O-O-O Qd7 10.h4 h6 11.Bb5 a6 12.Ba4 b5 13.Bb3 Bxb3 14.axb3 Qf5 
15.Rh3 O-O-O 16.Be3 Bf6 17.Nd4 Bxd4 18.Bxd4 f6 19.Rg3 Rd7 20.Re1 Qh5 21.
Qe2 Qxe2 22.Rxe2 h5 23.b4 1/2-1/2

[Event "12th EUR-ch"]
[Site "Aix-les-Bains FRA"]
[Date "2011.03.31"]
[Round "9.5"]
[White "Jakovenko, Dmitry"]
[Black "Feller, Sebastien"]
[Result "1/2-1/2"]
[WhiteElo "2718"]
[BlackElo "2657"]
[EventDate "2011.03.22"]
[PlyCount "53"]

1.c4 Nf6 2.Nf3 c6 3.Nc3 d5 4.e3 e6 5.d4 Nbd7 6.Bd3 dxc4 7.Bxc4 b5 8.Bd3 
Bb7 9.O-O a6 10.a4 b4 11.Ne4 c5 12.Nxf6+ Nxf6 13.dxc5 Bxc5 14.Qe2 O-O 15.
e4 Be7 16.Rd1 Nd7 17.Bc2 Rc8 18.Bf4 Qe8 19.Rac1 b3 20.Bxb3 Nc5 21.Bc2 Nxa4
22.Rd4 Nc5 23.b4 e5 24.Rc4 exf4 25.bxc5 Rxc5 26.Rxc5 Bxc5 27.e5 1/2-1/2

[Event "12th EUR-ch"]
[Site "Aix-les-Bains FRA"]
[Date "2011.03.31"]
[Round "9.6"]
[White "Nisipeanu, Liviu-Dieter"]
[Black "Wojtaszek, Radoslaw"]
[Result "0-1"]
[WhiteElo "2673"]
[BlackElo "2711"]
[EventDate "2011.03.22"]
[PlyCount "78"]

1.e4 c5 2.Nf3 d6 3.d4 cxd4 4.Nxd4 Nf6 5.Nc3 a6 6.Bg5 e6 7.f4 h6 8.Bh4 Qb6 
9.Qd2 Qxb2 10.Rb1 Qa3 11.e5 dxe5 12.fxe5 g5 13.exf6 gxh4 14.Be2 Qa5 15.O-O
Nd7 16.Kh1 Qg5 17.Rf4 e5 18.Nd5 exd4 19.Qxd4 Kd8 20.Rd1 h3 21.g3 Bd6 22.
Re4 Re8 23.Nb6 Rxe4 24.Qxe4 Qc5 25.Nxa8 Nxf6 26.Qd3 Ke7 27.Bf3 h5 28.Qe2+ 
Be6 29.Bxb7 Ng4 30.Rf1 h4 31.gxh4 Nxh2 32.Rg1 Kf8 33.Rg5 Qb4 34.Qe4 Qb1+ 
35.Rg1 Nf1 36.Qc6 Ng3+ 37.Kh2 Nf1+ 38.Kh1 Qd1 39.Qf3 Qd2 0-1

[Event "12th EUR-ch"]
[Site "Aix-les-Bains FRA"]
[Date "2011.03.31"]
[Round "9.7"]
[White "Gharamian, Tigran"]
[Black "Jobava, Baadur"]
[Result "0-1"]
[WhiteElo "2650"]
[BlackElo "2707"]
[EventDate "2011.03.22"]
[PlyCount "52"]

1.e4 c5 2.Nf3 e6 3.d4 cxd4 4.Nxd4 a6 5.Bd3 Nf6 6.O-O e5 7.Nb3 Nc6 8.Nc3 d6
9.Bg5 Be7 10.Qd2 O-O 11.Rfd1 Be6 12.Be2 a5 13.Bxf6 Bxf6 14.Qxd6 Qxd6 15.
Rxd6 Be7 16.Rdd1 a4 17.Nd2 Nd4 18.Nf3 Rfc8 19.Bd3 a3 20.Nd5 Bxd5 21.exd5 
axb2 22.Rab1 e4 23.Nxd4 exd3 24.Rxb2 Ba3 25.Rdb1 Bxb2 26.Rxb2 Ra4 0-1

[Event "12th EUR-ch"]
[Site "Aix-les-Bains FRA"]
[Date "2011.03.31"]
[Round "9.8"]
[White "Vallejo Pons, Francisco"]
[Black "Korobov, Anton"]
[Result "1-0"]
[WhiteElo "2707"]
[BlackElo "2647"]
[EventDate "2011.03.22"]
[PlyCount "79"]

1.e4 g6 2.d4 Bg7 3.Nc3 d6 4.Bg5 h6 5.Bh4 Nc6 6.d5 Nd4 7.Qd2 c5 8.Nd1 Bd7 
9.c3 Nb5 10.f4 Nf6 11.Bd3 Nc7 12.Nf3 b5 13.O-O O-O 14.Bc2 Nh5 15.f5 gxf5 
16.exf5 Nf6 17.Ne3 Bc8 18.a4 a6 19.b3 Bb7 20.c4 Qd7 21.Bxf6 exf6 22.Ng4 h5
23.Nf2 Rfe8 24.Ne4 bxc4 25.bxc4 a5 26.Ng3 Na6 27.Nxh5 Nb4 28.Qf4 Kf8 29.
Be4 Ba6 30.Rac1 Bh8 31.Nh4 Ke7 32.Ng6+ fxg6 33.fxg6 Kd8 34.Bf5 Qe7 35.Rce1
Qf8 36.g7 Bxg7 37.Nxg7 Kc7 38.Rxe8 Rxe8 39.Ne6+ Rxe6 40.dxe6 1-0

[Event "12th EUR-ch"]
[Site "Aix-les-Bains FRA"]
[Date "2011.03.31"]
[Round "9.9"]
[White "Khairullin, Ildar"]
[Black "Sutovsky, Emil"]
[Result "1-0"]
[WhiteElo "2634"]
[BlackElo "2692"]
[EventDate "2011.03.22"]
[PlyCount "65"]

1.Nf3 Nf6 2.c4 g6 3.Nc3 Bg7 4.e4 d6 5.d4 O-O 6.h3 e5 7.d5 Nh5 8.g3 f5 9.
exf5 gxf5 10.Ng5 Nf6 11.g4 Qe8 12.gxf5 Bxf5 13.Be3 Na6 14.Rg1 Nb4 15.Rc1 
Qg6 16.Nf3 Qh5 17.Rg5 Bc2 18.Rxc2 Nxc2+ 19.Qxc2 Qe8 20.Nh4 Kh8 21.Nf5 Rf7 
22.Nxg7 Rxg7 23.Rxg7 Kxg7 24.Qf5 a6 25.Ne4 Nxe4 26.Qxe4 Qg6 27.Bd3 Qxe4 
28.Bxe4 Rf8 29.Ke2 Rf7 30.h4 Rf8 31.h5 Rf7 32.h6+ Kf6 33.b4 1-0

[Event "12th EUR-ch"]
[Site "Aix-les-Bains FRA"]
[Date "2011.03.31"]
[Round "9.11"]
[White "Ivanisevic, Ivan"]
[Black "McShane, Luke"]
[Result "1/2-1/2"]
[WhiteElo "2617"]
[BlackElo "2683"]
[EventDate "2011.03.22"]
[PlyCount "132"]

1.d4 d5 2.c4 c6 3.Nf3 Nf6 4.Nc3 a6 5.cxd5 cxd5 6.Bf4 Nc6 7.Rc1 Bg4 8.Ne5 
Bd7 9.e3 e6 10.Bd3 Be7 11.O-O O-O 12.Qf3 g6 13.Bh6 Re8 14.Bg5 Kg7 15.Qh3 
Nxe5 16.Bh6+ Kh8 17.dxe5 Ng8 18.Bf4 Rc8 19.Rc2 Qa5 20.Rfc1 Ba4 21.Nxa4 
Rxc2 22.Rxc2 Qxa4 23.b3 Qd7 24.Qf3 Bf8 25.e4 Ne7 26.Rd2 Rc8 27.h4 d4 28.
Bg5 Kg8 29.Bf6 Rc1+ 30.Rd1 Qc7 31.Bc4 Rxd1+ 32.Qxd1 Nc6 33.f4 Be7 34.Qd2 
Qd8 35.Bxe7 Qxe7 36.g3 b5 37.Bf1 Qc5 38.Kf2 Nb4 39.a3 Nc2 40.Bd3 Ne3 41.b4
Qc7 42.Be2 Qa7 43.Qc1 Nc4 44.Kf3 Qc7 45.Qd1 Qd8 46.Kf2 h6 47.Qc2 Qc7 48.
Bd3 Kg7 49.Ke1 Qc6 50.Ke2 Qa8 51.Kf3 Qc8 52.Ke2 Qc7 53.Kf3 Qc8 54.Ke2 Kh7 
55.Kf3 Kg8 56.Ke2 Qc6 57.Kf3 Kf8 58.Ke2 Ke8 59.Qc1 Kd8 60.Qa1 Qb6 61.a4 
Kc7 62.a5 Qa7 63.Qc1 Qa8 64.Qa1 Qd8 65.Qc1 Qa8 66.Qa1 Qd8 1/2-1/2

[Event "12th EUR-ch"]
[Site "Aix-les-Bains FRA"]
[Date "2011.03.31"]
[Round "9.12"]
[White "Zhigalko, Sergei"]
[Black "Gabrielian, Artur"]
[Result "1-0"]
[WhiteElo "2680"]
[BlackElo "2532"]
[EventDate "2011.03.22"]
[PlyCount "65"]

1.e4 c5 2.c3 d6 3.d4 Nf6 4.Bd3 Qc7 5.Nf3 g6 6.O-O Bg7 7.h3 O-O 8.Bg5 Nc6 
9.d5 Ne5 10.Nxe5 dxe5 11.c4 Nh5 12.Nc3 Nf4 13.Re1 a6 14.Bf1 h6 15.Bh4 g5 
16.Bg3 Bd7 17.f3 Rad8 18.Bf2 f5 19.g3 Ng6 20.exf5 Bxf5 21.Ne4 b6 22.b4 
cxb4 23.Rb1 a5 24.a3 e6 25.axb4 exd5 26.cxd5 axb4 27.Rxb4 Qf7 28.Rxb6 Rxd5
29.Qb3 Be6 30.Bc4 Rfd8 31.Rxe6 Qxe6 32.Nc3 Qxh3 33.Bxd5+ 1-0

[Event "12th EUR-ch"]
[Site "Aix-les-Bains FRA"]
[Date "2011.03.31"]
[Round "9.14"]
[White "Gustafsson, Jan"]
[Black "Dreev, Aleksey"]
[Result "1/2-1/2"]
[WhiteElo "2647"]
[BlackElo "2697"]
[EventDate "2011.03.22"]
[PlyCount "33"]

1.d4 d5 2.c4 c6 3.Nf3 Nf6 4.Nc3 e6 5.e3 Nbd7 6.Qc2 b6 7.Bd3 Bb7 8.O-O Be7 
9.b3 O-O 10.Bb2 h6 11.Rac1 Rc8 12.Rfd1 Qc7 13.Qe2 Qb8 14.Ne5 Rfd8 15.Bb1 
Nxe5 16.dxe5 Nd7 17.f4 1/2-1/2

[Event "12th EUR-ch"]
[Site "Aix-les-Bains FRA"]
[Date "2011.03.31"]
[Round "9.15"]
[White "Salgado Lopez, Ivan"]
[Black "Fressinet, Laurent"]
[Result "1/2-1/2"]
[WhiteElo "2630"]
[BlackElo "2693"]
[EventDate "2011.03.22"]
[PlyCount "53"]

1.e4 e5 2.Nf3 Nc6 3.d4 exd4 4.Nxd4 Bb4+ 5.c3 Bc5 6.Be3 Bb6 7.Qg4 g6 8.Nd2 
Nf6 9.Qh4 Nh5 10.Qxd8+ Nxd8 11.Nc4 d6 12.Nb5 Ne6 13.Nxb6 axb6 14.Bc4 Bd7 
15.O-O O-O 16.a4 Rfc8 17.b4 g5 18.Rfd1 Nhf4 19.e5 d5 20.Bf1 Bc6 21.a5 Bxb5
22.Bxb5 c6 23.a6 bxa6 24.Bxa6 Rcb8 25.Bf1 Rxa1 26.Rxa1 Ng6 27.Ra6 1/2-1/2

[Event "12th EUR-ch"]
[Site "Aix-les-Bains FRA"]
[Date "2011.03.31"]
[Round "9.16"]
[White "Laznicka, Viktor"]
[Black "Beliavsky, Alexander"]
[Result "0-1"]
[WhiteElo "2688"]
[BlackElo "2619"]
[EventDate "2011.03.22"]
[PlyCount "104"]

1.d4 Nf6 2.c4 e6 3.g3 d5 4.Nf3 Be7 5.Bg2 O-O 6.O-O dxc4 7.Qc2 a6 8.Qxc4 b5
9.Qc2 Bb7 10.Bd2 Be4 11.Qc1 Bb7 12.Bf4 Bd6 13.Nbd2 Bxf4 14.gxf4 Nbd7 15.
Nb3 Be4 16.Qe3 Nb6 17.Nc5 Nc4 18.Qc3 Bd5 19.Rfd1 Ne4 20.Nxe4 Bxe4 21.Ne1 
Bxg2 22.Nxg2 Nb6 23.Rac1 Nd5 24.Qf3 f5 25.Ne3 Qd7 26.Rc5 c6 27.Rdc1 Rac8 
28.Nxd5 exd5 29.Qa3 Qe8 30.e3 Rf6 31.Kf1 h6 32.Qxa6 Kh7 33.a3 Rg6 34.R1c2 
Re6 35.Ke2 Ra8 36.Qb7 Qh5+ 37.Kd3 Ra4 38.Kc3 Qd1 39.Qd7 Rf6 40.Rd2 Qb1 41.
Rc2 Rc4+ 42.Rxc4 bxc4 43.Qb7 Qe1+ 44.Rd2 Rg6 45.Qf7 Qb1 46.Rc2 Rf6 47.Qb7 
Rf8 48.h4 Re8 49.h5 Qe1+ 50.Rd2 Qc1+ 51.Rc2 Rxe3+ 52.Kb4 Qxc2 0-1

[Event "12th EUR-ch"]
[Site "Aix-les-Bains FRA"]
[Date "2011.03.31"]
[Round "9.17"]
[White "Matlakov, Maxim"]
[Black "Riazantsev, Alexander"]
[Result "1/2-1/2"]
[WhiteElo "2625"]
[BlackElo "2679"]
[EventDate "2011.03.22"]
[PlyCount "31"]

1.d4 Nf6 2.c4 e6 3.g3 d5 4.Bg2 Be7 5.Nf3 O-O 6.O-O dxc4 7.Qc2 a6 8.a4 Bd7 
9.Qxc4 Bc6 10.Bg5 Bd5 11.Qd3 c5 12.Nc3 Bc6 13.Rfd1 Qa5 14.Qc4 cxd4 15.Bxf6
Bxf6 16.Nb1 1/2-1/2

[Event "12th EUR-ch"]
[Site "Aix-les-Bains FRA"]
[Date "2011.03.31"]
[Round "9.18"]
[White "L'Ami, Erwin"]
[Black "Motylev, Alexander"]
[Result "0-1"]
[WhiteElo "2623"]
[BlackElo "2677"]
[EventDate "2011.03.22"]
[PlyCount "68"]

1.d4 d6 2.Nf3 g6 3.g3 Bg7 4.Bg2 Nd7 5.O-O e5 6.c4 Ne7 7.Nc3 O-O 8.e4 exd4 
9.Nxd4 Nc6 10.Nc2 a5 11.h3 Nc5 12.Be3 Be6 13.Qe2 Qd7 14.Kh2 Bxc3 15.bxc3 
Ne5 16.Rfd1 Bxc4 17.Qd2 Qa4 18.Bh6 Bd3 19.Nd4 Bxe4 20.f3 Bd5 21.Bxf8 Rxf8 
22.Re1 Re8 23.Re3 Ne6 24.Qe1 Nxd4 25.cxd4 Qxd4 26.Kh1 Re6 27.Qc3 Nc6 28.
Rd3 Qxc3 29.Rxc3 Re7 30.Rb1 Nd4 31.Rb2 b5 32.Ra3 a4 33.Rd3 c5 34.a3 Bc4 
0-1

[Event "12th EUR-ch"]
[Site "Aix-les-Bains FRA"]
[Date "2011.03.31"]
[Round "9.19"]
[White "Inarkiev, Ernesto"]
[Black "Hammer, Jon Ludvig"]
[Result "1-0"]
[WhiteElo "2674"]
[BlackElo "2606"]
[EventDate "2011.03.22"]
[PlyCount "157"]

1.e4 e5 2.Nf3 Nc6 3.Bb5 Nf6 4.O-O Nxe4 5.d4 Nd6 6.Bxc6 dxc6 7.dxe5 Nf5 8.
Qxd8+ Kxd8 9.Nc3 Bd7 10.Rd1 Kc8 11.Ng5 Be8 12.Nge4 b6 13.f3 c5 14.Nd5 Kb7 
15.Kf2 h6 16.g4 Ne7 17.c4 h5 18.h3 hxg4 19.hxg4 f5 20.exf6 Nxd5 21.cxd5 
Bg6 22.Bf4 Bxe4 23.fxe4 gxf6 24.Rh1 c4 25.Rxh8 Bc5+ 26.Kg3 Rxh8 27.Rc1 b5 
28.b3 Ba3 29.Rc2 a5 30.bxc4 b4 31.Be3 Rh1 32.c5 a4 33.c6+ Kc8 34.Rc5 b3 
35.Ra5 Bd6+ 36.Kg2 Rh2+ 37.Kf3 Rh3+ 38.Ke2 Kd8 39.axb3 axb3 40.Rb5 Rh2+ 
41.Kd3 b2 42.g5 Ke7 43.gxf6+ Kxf6 44.Bd4+ Be5 45.d6 cxd6 46.Bxe5+ dxe5 47.
Rxb2 Rxb2 48.c7 Rb3+ 49.Kc2 Rb4 50.c8=Q Rxe4 51.Kd3 Rd4+ 52.Ke3 Rf4 53.
Qc6+ Kf5 54.Qd5 Kf6 55.Qd6+ Kf5 56.Qe7 Re4+ 57.Kf3 Rf4+ 58.Kg3 Rg4+ 59.Kh3
Rd4 60.Qf7+ Kg5 61.Qe6 Rd3+ 62.Kg2 Kf4 63.Kf2 Rd2+ 64.Ke1 Rd3 65.Ke2 Re3+ 
66.Kd2 Rg3 67.Qf6+ Ke4 68.Qh4+ Kf3 69.Kd3 Kf2+ 70.Ke4 Kg2 71.Kxe5 Ra3 72.
Qg4+ Kf2 73.Qd4+ Kf3 74.Qd1+ Kg3 75.Ke4 Kh2 76.Qd2+ Kh3 77.Kf4 Ra4+ 78.Kf3
Ra3+ 79.Kf2 1-0

[Event "12th EUR-ch"]
[Site "Aix-les-Bains FRA"]
[Date "2011.03.31"]
[Round "9.20"]
[White "Moiseenko, Alexander"]
[Black "Savchenko, Boris"]
[Result "1-0"]
[WhiteElo "2673"]
[BlackElo "2616"]
[EventDate "2011.03.22"]
[PlyCount "63"]

1.d4 Nf6 2.c4 e6 3.Nf3 Bb4+ 4.Nbd2 b6 5.a3 Bxd2+ 6.Qxd2 O-O 7.e3 Bb7 8.Be2
Ne4 9.Qc2 d5 10.O-O Nd7 11.b4 c5 12.Bb2 dxc4 13.Bxc4 Ng5 14.Nxg5 Qxg5 15.
f4 Qg4 16.dxc5 bxc5 17.Bb5 cxb4 18.Bxd7 b3 19.Qf2 Rfd8 20.Rad1 Ba6 21.Rfe1
Bb5 22.h3 Qh5 23.Qg3 g6 24.f5 Qxf5 25.Bxb5 Qxb5 26.Qh4 Rxd1 27.Rxd1 e5 28.
Rd8+ Rxd8 29.Qxd8+ Kg7 30.Qe7 Qc4 31.Bxe5+ Kh6 32.Qf6 1-0

[Event "12th EUR-ch"]
[Site "Aix-les-Bains FRA"]
[Date "2011.03.31"]
[Round "9.21"]
[White "Kobalia, Mikhail"]
[Black "Tregubov, Pavel"]
[Result "1-0"]
[WhiteElo "2672"]
[BlackElo "2598"]
[EventDate "2011.03.22"]
[PlyCount "97"]

1.e4 c5 2.Nf3 Nc6 3.d4 cxd4 4.Nxd4 Nf6 5.Nc3 d6 6.Bg5 Bd7 7.Qd2 h6 8.Bxf6 
gxf6 9.O-O-O Nxd4 10.Qxd4 Qa5 11.Bc4 Rg8 12.g3 e6 13.Rhe1 Be7 14.Bb3 O-O-O
15.Kb1 Kb8 16.Qd3 h5 17.h4 Rc8 18.Ne2 Rc5 19.Nd4 Rcc8 20.Re3 Ka8 21.Qe2 
Bd8 22.Red3 Bb6 23.a3 Rg4 24.R3d2 a6 25.c3 Bd8 26.Ka2 Be7 27.Qe3 Qc5 28.
Re1 a5 29.a4 Rgg8 30.Qd3 Rgd8 31.f4 Rg8 32.Re3 Bd8 33.Qe2 Bb6 34.f5 Rg4 
35.Red3 Qe5 36.fxe6 fxe6 37.Nf3 Qxe4 38.Qxe4 Rxe4 39.Rxd6 Bc6 40.Bxe6 Rc7 
41.Nd4 Bxd4 42.R2xd4 Rxd4 43.cxd4 Rg7 44.Bb3 f5 45.d5 Bd7 46.Bd1 Kb8 47.
Bxh5 Bxa4 48.Bg6 Re7 49.Re6 1-0

[Event "12th EUR-ch"]
[Site "Aix-les-Bains FRA"]
[Date "2011.03.31"]
[Round "9.22"]
[White "Chatalbashev, Boris"]
[Black "Nielsen, Peter Heine"]
[Result "0-1"]
[WhiteElo "2602"]
[BlackElo "2670"]
[EventDate "2011.03.22"]
[PlyCount "82"]

1.d4 d5 2.c4 e6 3.Nf3 Nf6 4.Bg5 dxc4 5.Qa4+ Nbd7 6.e4 c6 7.Qxc4 Qb6 8.Nbd2
Qxb2 9.Rb1 Qa3 10.Bd3 h6 11.Bf4 Be7 12.O-O O-O 13.Qc2 Nb6 14.Nb3 Rd8 15.
Rfd1 Bf8 16.Nc5 Rxd4 17.Nxe6 Rxe4 18.Bxe4 Bxe6 19.Nd4 Qxa2 20.Nxe6 Qxc2 
21.Bxc2 fxe6 22.Be3 Nfd5 23.Bxb6 axb6 24.Re1 Kf7 25.Rb3 Be7 26.Be4 b5 27.
Rf3+ Bf6 28.h4 b4 29.g4 Ke7 30.Bxd5 cxd5 31.Rb1 Bc3 32.Kf1 g6 33.g5 h5 34.
Kg2 Ra2 35.Rf4 b5 36.Kf1 Ra3 37.Ke2 b3 38.Kd3 b4 39.Rf3 e5 40.Rh3 e4+ 41.
Ke3 Ke6 0-1

[Event "12th EUR-ch"]
[Site "Aix-les-Bains FRA"]
[Date "2011.03.31"]
[Round "9.23"]
[White "Kovchan, Alexander"]
[Black "Cheparinov, Ivan"]
[Result "1/2-1/2"]
[WhiteElo "2563"]
[BlackElo "2664"]
[EventDate "2011.03.22"]
[PlyCount "103"]

1.e4 c5 2.Nf3 d6 3.d4 cxd4 4.Nxd4 Nf6 5.Nc3 a6 6.Be2 e5 7.Nb3 Be7 8.O-O 
O-O 9.Be3 Be6 10.Qd2 Nbd7 11.a4 Rc8 12.a5 Qc7 13.Rfd1 Rfd8 14.Qe1 Nc5 15.
Nxc5 dxc5 16.Rxd8+ Rxd8 17.b3 Qc6 18.Ra4 Rd4 19.Bxd4 cxd4 20.Nd5 Nxd5 21.
exd5 Bxd5 22.Bc4 Bd6 23.Bxd5 Qxd5 24.Qe2 g6 25.Qc4 Qe4 26.Ra1 Kg7 27.c3 h5
28.cxd4 exd4 29.Rd1 Be5 30.b4 h4 31.Qd3 Qd5 32.h3 Qc6 33.Re1 Bf6 34.Rb1 
Qc7 35.Qe4 Qd7 36.b5 axb5 37.Qd3 Qc7 38.Qxb5 Qc3 39.Qb4 Qc7 40.Qd2 Qd7 41.
Rb6 Bd8 42.Rb3 Qd5 43.Qb2 Bf6 44.Rb5 Qe4 45.Qd2 Qc6 46.Rb6 Qe4 47.Rb3 Qd5 
48.Qd1 Qxa5 49.Rxb7 Qc3 50.Kh1 Qc6 51.Rb3 Qe4 52.Rf3 1/2-1/2

[Event "12th EUR-ch"]
[Site "Aix-les-Bains FRA"]
[Date "2011.03.31"]
[Round "9.24"]
[White "Zherebukh, Yaroslav"]
[Black "Zvjaginsev, Vadim"]
[Result "1-0"]
[WhiteElo "2560"]
[BlackElo "2663"]
[EventDate "2011.03.22"]
[PlyCount "81"]

1.e4 e5 2.Nf3 Nc6 3.Bb5 a6 4.Ba4 Nge7 5.c3 g6 6.d4 exd4 7.cxd4 Bg7 8.O-O 
O-O 9.d5 b5 10.Bc2 Na5 11.Bd2 c5 12.d6 Nec6 13.Nc3 Nc4 14.Bg5 Nxb2 15.Qc1 
f6 16.Be3 Nc4 17.Bxc5 Bb7 18.Nd5 Kh8 19.Rb1 N6e5 20.Nxe5 Bxd5 21.Nxg6+ 
hxg6 22.exd5 f5 23.Re1 Qf6 24.Rb3 Rfc8 25.Bb4 Nxd6 26.Qd1 Re8 27.h4 Rxe1+ 
28.Bxe1 Rc8 29.h5 g5 30.Re3 Qa1 31.Qxa1 Bxa1 32.Re2 Bc3 33.Bxc3+ Rxc3 34.
g4 Kg7 35.Re7+ Kf6 36.Rxd7 Ke5 37.Re7+ Kxd5 38.Bb3+ Kc6 39.Re3 Rc1+ 40.Kg2
fxg4 41.h6 1-0

[Event "12th EUR-ch"]
[Site "Aix-les-Bains FRA"]
[Date "2011.03.31"]
[Round "9.25"]
[White "Wirig, Anthony"]
[Black "Khismatullin, Denis"]
[Result "1/2-1/2"]
[WhiteElo "2480"]
[BlackElo "2662"]
[EventDate "2011.03.22"]
[PlyCount "59"]

1.c4 e6 2.Nf3 Nf6 3.d4 Bb4+ 4.Bd2 Qe7 5.g3 Nc6 6.Nc3 Bxc3 7.Bxc3 Ne4 8.Rc1
d6 9.d5 Nxc3 10.Rxc3 Nd8 11.dxe6 Nxe6 12.Bg2 O-O 13.O-O Qf6 14.Nd2 Bd7 15.
Ne4 Qe5 16.f4 Qa5 17.c5 Bc6 18.f5 Nxc5 19.Nxc5 dxc5 20.Bxc6 bxc6 21.Qc1 
Rfe8 22.Rxc5 Qxa2 23.f6 Qe6 24.Rxc6 Qxe2 25.Qg5 Qe3+ 26.Qxe3 Rxe3 27.Rxc7 
g5 28.Rd1 h6 29.Rdd7 Rf8 30.Rxa7 1/2-1/2

[Event "12th EUR-ch"]
[Site "Aix-les-Bains FRA"]
[Date "2011.03.31"]
[Round "9.26"]
[White "Nevednichy, Vladislav"]
[Black "Smeets, Jan"]
[Result "1-0"]
[WhiteElo "2534"]
[BlackElo "2660"]
[EventDate "2011.03.22"]
[PlyCount "125"]

1.c4 e6 2.Nf3 Nf6 3.e3 d5 4.b3 Be7 5.Bb2 O-O 6.Be2 b6 7.O-O Bb7 8.d4 Nbd7 
9.Nc3 c5 10.cxd5 exd5 11.Ne5 cxd4 12.exd4 Ne4 13.Nxe4 dxe4 14.Bc4 Bd6 15.
Qh5 Qe7 16.Rae1 Rad8 17.Re3 Nf6 18.Qh3 Bd5 19.Qh4 Qe6 20.f4 exf3 21.Rfxf3 
Bxe5 22.Rxe5 Qc6 23.Rxf6 gxf6 24.Bd3 h6 25.Re3 f5 26.Bxf5 Rfe8 27.Rc3 Qd6 
28.Ba3 Qxa3 29.Rg3+ Kf8 30.Qxh6+ Ke7 31.Re3+ Be6 32.Bxe6 Qc1+ 33.Kf2 Qc2+ 
34.Re2 Qxe2+ 35.Kxe2 Kd6 36.Qf4+ Kxe6 37.Kd3 Ke7 38.Qg5+ Kf8 39.h4 Rd6 40.
h5 Red8 41.Qf4 Kg7 42.g4 R8d7 43.Qe5+ f6 44.Qe4 Kh8 45.Ke3 Kg7 46.Qg6+ Kh8
47.Kf3 Rd8 48.Kg3 R8d7 49.Qe8+ Kg7 50.Kh4 Kh7 51.b4 Kg7 52.b5 Rc7 53.Qg6+ 
Kh8 54.a4 Re7 55.Qh6+ Kg8 56.Qf4 Red7 57.Qe4 Kg7 58.Kg3 Kg8 59.Qe8+ Kg7 
60.d5 Rc7 61.h6+ Kh7 62.Qe4+ Kg8 63.g5 1-0

[Event "12th EUR-ch"]
[Site "Aix-les-Bains FRA"]
[Date "2011.03.31"]
[Round "9.27"]
[White "Smirin, Ilia"]
[Black "Pelletier, Yannick"]
[Result "1-0"]
[WhiteElo "2658"]
[BlackElo "2593"]
[EventDate "2011.03.22"]
[PlyCount "63"]

1.e4 e5 2.Nf3 Nc6 3.Bc4 Nf6 4.d3 Bc5 5.O-O O-O 6.Nbd2 d6 7.c3 a6 8.Bb3 Ba7
9.h3 Be6 10.Bc2 h6 11.Re1 Re8 12.Nf1 d5 13.exd5 Bxd5 14.Ng3 Qd7 15.Nh4 
Rad8 16.Nhf5 Ne7 17.Rxe5 Nxf5 18.Rxf5 Qc6 19.d4 Bxg2 20.Rxf6 Qxf6 21.Kxg2 
c5 22.Qd3 cxd4 23.Qh7+ Kf8 24.b3 Re5 25.Ba3+ Ke8 26.Bf5 Bc5 27.Bxc5 Rxc5 
28.Bg4 d3 29.Re1+ Re5 30.Rxe5+ Qxe5 31.Qg8+ Ke7 32.Nf5+ 1-0

[Event "12th EUR-ch"]
[Site "Aix-les-Bains FRA"]
[Date "2011.03.31"]
[Round "9.28"]
[White "Navara, David"]
[Black "Manea, Alexandru"]
[Result "1-0"]
[WhiteElo "2722"]
[BlackElo "2392"]
[EventDate "2011.03.22"]
[PlyCount "85"]

1.d4 d5 2.c4 c6 3.Nc3 Nf6 4.Nf3 a6 5.Bg5 Be6 6.c5 Nbd7 7.Qb3 Ra7 8.h3 g6 
9.Qa3 Bg7 10.e3 Bf5 11.Nh4 Be6 12.Bf4 h6 13.Bh2 O-O 14.Bd3 b6 15.cxb6 Qxb6
16.Na4 Qa5+ 17.b4 Qd8 18.O-O Ne4 19.Rfc1 Qa8 20.Nc5 Nexc5 21.bxc5 a5 22.
Rab1 Bf6 23.Nf3 Bf5 24.Bxf5 gxf5 25.Qd3 e6 26.Bd6 Re8 27.Rb3 Bd8 28.Ne5 a4
29.Rb4 Be7 30.g4 Bxd6 31.cxd6 c5 32.Rxc5 Nxc5 33.dxc5 f6 34.d7 fxe5 35.
dxe8=Q+ Qxe8 36.Qc3 d4 37.exd4 e4 38.c6 Qf8 39.Rb7 Ra8 40.gxf5 Qxf5 41.
Qg3+ Qg5 42.Qxg5+ hxg5 43.c7 1-0

[Event "12th EUR-ch"]
[Site "Aix-les-Bains FRA"]
[Date "2011.03.31"]
[Round "9.29"]
[White "Postny, Evgeny"]
[Black "Caruana, Fabiano"]
[Result "1-0"]
[WhiteElo "2585"]
[BlackElo "2716"]
[EventDate "2011.03.22"]
[PlyCount "93"]

1.d4 Nf6 2.Nf3 g6 3.c4 Bg7 4.Nc3 d5 5.Bf4 dxc4 6.e3 c5 7.dxc5 Qa5 8.Bxc4 
O-O 9.O-O Qxc5 10.Bb3 Nc6 11.Rc1 Qa5 12.h3 Bf5 13.Qe2 Ne4 14.g4 Nxc3 15.
bxc3 Bd7 16.Rfd1 Rad8 17.Rd5 Qb6 18.Rb1 Bc8 19.Rg5 Be6 20.Rb5 Qa6 21.Bxe6 
fxe6 22.Ng5 Na5 23.a4 Rc8 24.Qa2 Nc4 25.Rxb7 e5 26.Bg3 Qc6 27.Qc2 h6 28.
Ne4 Kh8 29.R7b3 Rfd8 30.Ra1 a6 31.Rbb1 Rd7 32.Rd1 Rcd8 33.Rxd7 Rxd7 34.Kh2
g5 35.Qb1 Rb7 36.Qh1 Rb2 37.Rd1 Rb8 38.h4 gxh4 39.Bxh4 Qg6 40.Qf3 Rf8 41.
Qg2 Rf7 42.Rd7 Nb6 43.Rd8+ Kh7 44.Nc5 Bf6 45.Bxf6 Rxf6 46.a5 Nc4 47.Nd7 
1-0

[Event "12th EUR-ch"]
[Site "Aix-les-Bains FRA"]
[Date "2011.03.31"]
[Round "9.30"]
[White "Naiditsch, Arkadij"]
[Black "Kotronias, Vasilios"]
[Result "0-1"]
[WhiteElo "2684"]
[BlackElo "2583"]
[EventDate "2011.03.22"]
[PlyCount "136"]

1.e4 e5 2.Nf3 Nc6 3.Bb5 Nf6 4.O-O Nxe4 5.d4 Nd6 6.Bxc6 dxc6 7.dxe5 Nf5 8.
Qxd8+ Kxd8 9.Nc3 Ne7 10.b3 h6 11.Bb2 Bg4 12.Ne4 Ng6 13.Rfe1 c5 14.Rad1+ 
Kc8 15.h3 Be6 16.c4 b6 17.Ng3 h5 18.Ng5 Be7 19.Nxe6 fxe6 20.Ne4 h4 21.Nd2 
Kb7 22.Re4 Rad8 23.Rg4 Rh6 24.Kf1 Kc8 25.Ke1 Rf8 26.Nf3 Rf4 27.Rxf4 Nxf4 
28.Bc1 g5 29.Bxf4 gxf4 30.Ke2 Rg6 31.Nh2 Rg5 32.Ng4 Rf5 33.Kf3 Bg5 34.Rd3 
a6 35.a4 Rf8 36.Nh2 Be7 37.Rd1 c6 38.Re1 b5 39.Re4 Bg5 40.Kg4 Rg8 41.Kh5 
Bd8 42.Ng4 Rg5+ 43.Kh6 Rf5 44.f3 Ba5 45.Nf2 Bd2 46.Kg6 Be3 47.Ng4 Bd4 48.
Nf6 Kc7 49.a5 Bxe5 50.Ng4 Kd6 51.Nxe5 Rxe5 52.Rxf4 Re3 53.Rxh4 Rxb3 54.Rg4
Rb4 55.Kg5 bxc4 56.Re4 Kd5 57.Re1 c3 58.h4 Kc4 59.h5 c2 60.Rc1 Kd3 61.h6 
Kd2 62.Ra1 c1=Q 63.Rxc1 Kxc1 64.h7 Rb8 65.g4 Kb2 66.Kf6 c4 67.g5 c3 68.g6 
c2 0-1